Juan Caramuel Lobkowicz (1606-1682) e la reconquista delle coscienze in Boemia
| Titel: | Juan Caramuel Lobkowicz (1606-1682) e la reconquista delle coscienze in Boemia |
|---|---|
| Verfasser: | |
| In: |
Römische historische Mitteilungen, Band 44 (2002), Seite 339-392 alle Artikel anzeigen |
| Veröffentlicht: | 2002 |
| Format: | Aufsatz |
| Sprache: | Italienisch |
X
alg: 39162175 001A $01999:11-11-16 001B $01999:29-03-21 $t21:45:38.000 001C $06050:19-11-16 $t08:50:54.000 001D $01999:11-11-16 001U $0utf8 001X $00 002@ $0Aox 003@ $0391621750 007A $0391621750 $aHEB 007T $0Herd54544 010@ $aita 011@ $a2002 021A $aJuan Caramuel Lobkowicz (1606-1682) e la reconquista delle coscienze in Boemia 028A $aCatalano $dAlessandro 031A $d44 $h339-392 $j2002 039B $aIn $8--Abvc--. Römische historische Mitteilungen . - Wien : Verl. d. Österreichischen Akad. d. Wissenschaften, 1958-. - ISSN 0080-3790 $x200200000440000661 $9047289082 045F $a900.9437109032 $eDDC23BSB 045F/01 $a900 045F/03 $f09032 045F/03 $f9033 045F/03 $f9034 045F/03 $g4371 045T $a1 $a8 lok: 39162175 78 exp: 39162175 78 1 #EPN 201B/01 $001-12-20 $t22:56:12.000 201U/01 $0utf8 203@/01 $0787716189 208@/01 $a11-11-16 $be 209A/01 $a/ $f000 $x00 220C/01 $aTitelaufnehmer: nk;pg 244Z/01 $#Tschechien $#Tschechische Republik $#Tschechische Republik $#Tschechenland $#Tschechei Tschechien $#Česká Republika $#Czech Republic $#ČR $74303381-7 $8--Tg1--Tschechien $x01 $9086659812 244Z/01 $2Trx $#Böhmen $#Bohemia $#Czechy $8--Trx--Čechy $x02 $9391188941 244Z/01 $aGeschichte 1648-1658 $x03 244Z/01 $#Caramuel, Juan $#Caramuel Lobkowicz, Juan $#Caramuel y Lobkowitz, Juan $#Caramuel y Lobkowitz, Ioannes $#Caramuel z Lobkowic, Jan $#Lobkowiz, Johannes $#Lobkowitz, Jean C. $#Caramuel von Lobkowitz, Juan $#Caramuel Lobkowitz, Johannes $#Lobkowitz, Ioannes C. $#Caramuel Lobkowitz, Ioannes $#Lobkowitz, Iuan C. $#Caramuel de Lobkowitz, Juan $#Caramuel a Lobkowitz, Juan $#Lobkowitz, Joannes C. $#Lobkowitz, Johannes C. a $#Caramuel à Lobkowitz, Johannes $#Lobkowitz, Johannes C. à $#Caramuel à Lobkowitz, Juan $#Lobkowitz, Juan C. à $#Lobkowitz, Johann Caramuel von $#Ḳaramuʹel Lobḳovits, Yohanes $#Caramvel Lobkowits, Ioannes $#Caramuel Lobkowits, Johannes $#Lobkowits, Ioannes Caramvel $#Lobkowits, Johannes Caramuel $#Caramuel a Lobkowitz, Johannes $#Caramuel de Lobkowitz, Johannes $#Lobkowitz, Johannes C. $#Caramuel, Jo. $#Caramuel, Joannes $#Caramuel, Johannes $#Lobkowitz, Juan C. $#Caramuel-Lobkowitz, Juan $#Lobkowizius, Johannes C. $#Lobkowizius, Johannes Caramuel $#Kramuel Lovkovits, Yohans $#Caramuel Lobkovvitz, Ivan $#Lobkowitz, Juan Caramuel von $#Caramuel, Ioannes $#Caramuel De Lobkowitz, Juan $#Caramuel Lobkowitz, Joannes $7119268612 $8--Tp1--Caramuel Lobkowitz, Juan$Z1606-1682 $x04 $9087608472 244Z/01 $2Trx $#vastureformatsioon $#kontrreformacija $#counter-reformation $#ellenreformáció $#kontrreformacja $#protireformácia $#protireformace $8--Trx--Gegenreformation $x05 $9391381571 244Z/01 $2Trx $8--Trx--Zeitschriftenaufsatz $x06 $9391384341 245Z/01 $a06.03.03 $x01 247C/01 $82080>Marburg/Lahn, Herder-Institut, Forschungsbibliothek, Bibliographieportal $9336309341
| LEADER | 00000caa a22000002c 4500 | ||
|---|---|---|---|
| 001 | 391621750 | ||
| 003 | DE-603 | ||
| 005 | 20210329214538.0 | ||
| 007 | tu | ||
| 008 | 161111s2002 xx |||| | u00||u|ita c | ||
| 035 | |a (DE-599)HEB391621750 | ||
| 040 | |a DE-603 |b ger |c DE-603 |d DE-603 | ||
| 041 | |a ita | ||
| 082 | 0 | 4 | |8 1\u |a 900.9437109032 |q DE-101 |2 23/BSB |
| 084 | |a 1 |a 8 |2 ssgn | ||
| 085 | |8 1\u |b 900 | ||
| 085 | |8 1\u |z 1 |s 09032 | ||
| 085 | |8 1\u |z 1 |s 9033 | ||
| 085 | |8 1\u |z 1 |s 9034 | ||
| 085 | |8 1\u |z 2 |s 4371 | ||
| 100 | 1 | |a Catalano, Alessandro | |
| 245 | 0 | 0 | |a Juan Caramuel Lobkowicz (1606-1682) e la reconquista delle coscienze in Boemia |
| 264 | 0 | |c 2002 | |
| 773 | 0 | 8 | |i In |t Römische historische Mitteilungen |d Wien : Verl. d. Österreichischen Akad. d. Wissenschaften, 1958- |x 0080-3790 |g Band 44 (2002), Seite 339-392 |w (DE-603)047289082 |w (DE-600)206126-0 |
| 924 | 0 | |9 2080 |a (DE-603)787716189 |b DE-2080 |c HES |d d |g / | |


